Films par GIFS #9 - Statistiques

Statistiques générales
  • Ce quiz a été pris 97 fois
  • Le résultat moyen est 15 sur 40
Statistiques - réponses
Hint Réponse % Correct
Arthur et les Minimoys
91%
Black Panther
74%
The Revenant
74%
Bohemian Rhapsody
73%
En eaux troubles
71%
Ben-Hur
66%
Hellboy
66%
Bird Box
64%
Black Panther 2 - Wakanda Forever
56%
Taxi Driver
54%
L'Exorciste 1
51%
Reservoir Dogs
49%
Hugo Cabret
44%
Emilia Pérez
43%
Rencontres du troisième type
43%
Cube
41%
Bodyguard
40%
Requiem for a Dream
40%
Halloween ends
31%
The Reef
31%
Unfriended
31%
Unfriended: Dark Web
30%
The Boy
29%
Nope
24%
Black Phone
23%
Cube Zero
23%
Hypercube
23%
L'Exorciste 2
23%
Nevada Smith
21%
Bone Collector
20%
Tremors
20%
Le Fils de Saul
19%
Nymphomaniac - Volume 1
19%
Exam
14%
Hitcher (1986)
14%
Permis de tuer
14%
L'Exorciste 3
13%
The Strangers: Prey at Night
13%
Hitcher (2007)
10%
The Sadness
10%
Aucun quiz correspondant
Distribution des résultats
% des personnes avec chaque résultat
Percentile par nombre de réponses
Votre historique - résultats
Vous n’avez pas pris ce quiz